| 000 | 00919nam a2200313 a 4500 | ||
|---|---|---|---|
| 005 | 20180803164946.0 | ||
| 008 | 140303b1999 ec ||||| |||| 00| 0 spa d | ||
| 020 | _a997804471 | ||
| 040 |
_aCO-BoIAVH _cCO-BoIAVH |
||
| 041 |
_aspa _heng |
||
| 044 | _aec | ||
| 082 |
_a581.632 _bE97p |
||
| 100 | 1 |
_aEynden, Veerle van den _914146 |
|
| 245 | 1 | _aPlantas silvestres comestibles del sur de Ecuador | |
| 246 | _aWild edible plants of southern Ecuador | ||
| 260 |
_aQuito _bEdiciones Abya-Yala _c1999 |
||
| 300 |
_a220 paginas _c15 x 10 cm |
||
| 650 | 1 | 4 |
_aPlantas silvestres _973689 |
| 650 | 1 | 4 |
_aAlimentación _973690 |
| 650 | 1 | 4 |
_aEtnobotánica _973691 |
| 650 | 1 | 4 |
_aClima _973692 |
| 650 | 1 | 4 |
_aZonas de vida _92016 |
| 650 | 1 | 4 |
_aVegetación _973693 |
| 650 | 1 | 4 |
_aInventarios _992201 |
| 650 | 1 | 4 |
_aGuía de campo _973695 |
| 700 |
_aCabrera, Omar _914151 |
||
| 700 |
_aCueva, Eduardo _914152 |
||
| 942 |
_cLIBRO _2ddc |
||
| 999 |
_c2019 _d2019 |
||